| 000 | 00636nam a2200181 a 4500 | ||
|---|---|---|---|
| 008 | 120202s2010 ||||||||||||||||| || u | ||
| 020 | _a9789810681340 | ||
| 050 | _aTA 351 Hib | ||
| 100 | _aHibbeler, R. C | ||
| 245 | 1 | 0 |
_aEngineering mechanics: statics. (12th ed.) _cby R. C. Hibbeler |
| 250 | _a12th ed. | ||
| 260 |
_aSingapore: _bPrentice Hall _c2010 |
||
| 300 | _axxii, 655p.: ill. | ||
| 350 | _a0.00 | ||
| 650 | _aMACHANICS, APPLIED | ||
| 650 | _aSTATICS | ||
| 995 |
_D0.00 _FCBU-MAIN LIBRARY (Kitwe) _H1 _I0.00 _M1 _UAVAILABLE _WMar 26, 2012 _ZMain Library Open Access Collection |
||
| 999 |
_c41971 _d41971 |
||